000 00887nam a2200253Ia 4500
003 OSt
005 20220923211154.0
006 a|||||r|||| 00| 0
007 ta
008 220922b |||||||| |||| 00| 0 hin d
020 _a8187733179 (hbk)
_c1000
024 _a237,253
037 _b453, 21/03/2009, Vani Prakashan
_cTextual
040 _aARTS
_cARTS
_bhin
041 _2hin
_ahin
082 _aV2y7M91, 152P7
100 _aढोके, वामनराव, अनु.
_9159145
245 0 _aडॉ अम्बेडकर के पत्र
246 _aḌaॉ. Ambeḍakar ke patra
260 _aदिल्ली
_b गौतम बुक सेन्टर
_c2007
300 _a248पृ.
_ccm.
942 _hV2y7M91, 152P7
_cTEXL
_2CC
999 _c296335
_d296335